00642nam a2200157 a 450000100100000000500170001000800410002704000250006808200150009311000280010824000170013624501620015326000400031530000270035571001020038200004560620201002052336.0150416s2009 dr 000 0 spa d aDO-SdBNPbspacBNPHU axxxxbxxxx1 aRepública Dominicana.13a[Leyes etc.]10aLey no. 1-08 : Ley orgánica del Consejo Nacional para las Comunidades Dominicanas en el Exterior (CONDEX) :bReglamento de Aplicación Decreto no. 674-08. aSanto Domingo :bCentenario,c2009. a53 p. :bil. ;c21 cm.22aConsejo Nacional para las Comunidades Dominicanas en el Exterior (CONDEX), República Dominicana